000 00679nam a22001937a 4500
005 20230920113612.0
010 _aENG-138186
020 _a9789355320827
_c825.00
035 _aEN-121718
037 _bDBAD/PUB
082 _a000
100 _aBhagat, Madhukar Kumar
_957054
245 _aConcise CSAT General Studies for Civil Services Preliminary Examination :
_bPaper-II /
_cBy Madhukar Kumar Bhagat
260 _aChennai
_bMcGraw Hill Education(India) Private Limited
_c2024
270 _aAnjana Complex No.: 5/90A, Butt Road, St. Thomas Mount
_bChennai
_e600016
300 _a737 p.
_c23cm(pbk)
700 _eAuthor
_956915
942 _2ddc
_cEN
_h000
_mBHA
999 _c198428
_d198428